000 00386nam a2200145Ia 4500
008 210210b1968 xxu||||| |||| 00| 0 eng d
082 _a540 MILG
100 _aMILLER (Walter E) & BABOR (Joseph A).
245 _aGeneral chemistry.
260 _aCalcutta
_bScientific Book Agency
_c1968
300 _axii,691
650 _aGeneral Chemistry
690 _aChemistry
906 _aCC00046
999 _c109315
_d109315